000 00456nam a2200181Ia 4500
005 20250423095602.0
008 250422s9999 xx 000 0 und d
020 _a0071009760
050 _aRC 46 .H333/
245 0 _aHarrison’s principles of internal medicine
250 _a12th ed
260 _aNew York
260 _bMcGraw-Hill Health Profession Division
260 _c1991
300 _a208 p
650 _aInternal medicine
942 _cBK
999 _c30724
_d30724